000 00599nam a2200241Ia 4500
003 OSt
005 20220928102109.0
006 a|||||r|||| 00| 0
007 ta
008 220927b |||||||| |||| 00| 0 eng d
024 _a53632
037 _cTextual
040 _aSDCL
_cSDCL
_beng
041 _2eng
_aeng
082 _aO152,6N07x, P3
100 _aVarma Mahadevi
245 0 _aSankalpita.
250 _a2nd
260 _aNew Delhi
_bVani Prakashan
_c2003
300 _a142p
_ccm.
942 _hO152,6N07x, P3
_cTEXL
_2CC
999 _c712306
_d712306